| 000 | 00434nam a2200157 i 4500 | ||
|---|---|---|---|
| 001 | bg | ||
| 100 | 1 | _aJakliński, Lech. | |
| 245 | 0 |
_aWskaźniki charakteryzujące oddziaływanie mechanizmu jezdnego na glebę... / _cL. Jakliński, Z. Kruszewski. |
|
| 260 |
_aWarszawa, _c1989. |
||
| 700 | 1 | _aKruszewski, Z. | |
| 830 | _aMechanika ; | ||
| 040 | _cBPK | ||
| 041 | _apol | ||
| 942 | _cKS | ||
| 008 | s pl f |000 0 pol | ||
| 999 |
_c29103 _d29103 |
||
| 856 |
_uhttp://koha.tu.koszalin.pl/cgi-bin/koha/opac-detail.pl?biblionumber=29103 _yKatalog online BPK |
||